Ewangelické cjrkewnj nowiny

Bibliographic Details
Corporate Author: Trattner-Károlyi-nyomda (Budapešť, Maďarsko) (Printer)
Format: Journal
Language:Slovak
PhysicalDescription:3 zv. 22 x 29 cm
Published: Pešť [= Budapešť] Jozef Podhradský 1860-1862
Subjects:

MARC

LEADER 00000cas a22000001a 4500
001 vtls010297450
003 SK-MaSNL
005 20260228162404.0
008 110808d18601862hu sr p 0 b0slo
038 |a SNKBUDS 
040 |a SNK  |b slo  |c SNK  |e AACR2 
041 0 |a slo 
044 |a hu  |c HU 
072 7 |a 2  |x Náboženstvo  |2 konspekt 
072 7 |a 27-5  |x Kresťanské umenie a symbolika. Duchovný život  |2 konspekt 
072 7 |a 27-4  |x Praktická teológia. Morálna teológia  |2 konspekt 
080 |a 274/278  |2 2001 
080 |a 070.482  |2 2001 
080 |a 82-97  |2 2001 
080 |a 27-4  |2 2011 
245 0 0 |a Ewangelické cjrkewnj nowiny 
246 1 3 |a Evangelické cirkevni noviny 
260 |a Pešť [= Budapešť]  |b Jozef Podhradský  |c 1860-1862 
300 |a 3 zv.  |c 22 x 29 cm 
310 |a 2x mesačne  |b 25.10.1861-1862 
321 |a 3x mesačne  |b 1860-15.10.1861 
362 0 |a Roč. I, č. 1 (9.3.1860)-roč. III, č. 6 (15.3.1862) 
500 |a Zodp. red. a vyd. Jozef Podhradský, hlav. spoluprac. Ján Szeberinyi 
500 |a Roč. III /1862 má prílohu „Lutheránský Budjček“ 
650 0 7 |a náboženstvo  |2 SNKPH  |9 2023 
650 0 7 |a Evanjelická cirkev a.v  |2 SNKBUDS  |9 268741 
650 0 7 |a cirkevný život  |2 SNKPH  |9 75120 
655 7 |a náboženské časopisy  |2 SNKPH  |9 70790 
700 1 |a Podhradský, Jozef,  |d 1823-1915  |4 lso  |9 204900 
700 1 |a Szeberinyi, Ján  |4 red  |9 270918 
710 2 |a Trattner-Károlyi-nyomda (Budapešť, Maďarsko),  |d 1827-1867  |4 prt  |9 171848 
770 0 |t Lutheranský Budjček 
910 |a snk 
916 |a 1860-1862 
999 |c 7809  |d 9739 
952 |0 0  |1 0  |4 0  |7 0  |8 5  |a SNK  |b SNK  |d 1997-04-11  |i snkXI. 3615/55  |l 0  |o snkČSB 31/2/1861 D1  |p 17A0060602  |r 2005-01-02 00:00:00  |t č. 1-33  |w 2026-02-21  |y PREZ 
952 |0 0  |1 0  |4 0  |7 0  |8 5  |a SNK  |b SNK  |d 2022-04-07  |i snkXI. 3614/55  |l 0  |o snkČSB 31/1/1860 D1  |p 17A1462891  |r 2026-02-21 20:01:42  |t č. 1-30  |w 2026-02-21  |y PREZ 
952 |0 0  |1 0  |4 0  |7 0  |a SNK  |b SNK  |d 2022-04-08  |f 1  |i snk 1935/37  |l 0  |o snkČSB 31/2/1861  |p 17A1462878  |r 2026-02-21 20:10:56  |t č. 1-33  |w 2026-02-21  |y PREZ  |z Roky 1860-1862 sú zviazané spolu 
952 |0 0  |1 0  |4 0  |7 0  |a SNK  |b SNK  |d 2022-04-08  |f 1  |i snk 1935/37  |l 0  |o snkČSB 31/3/1862  |p 17A1462892  |r 2026-02-21 20:10:56  |t č. 1-6 + príl.  |w 2026-02-21  |y PREZ  |z Roky 1860-1862 sú zviazané spolu ; ; Príloha: Luteránsky budíček Roč. 1, č. 1, 2 
952 |0 0  |1 0  |4 0  |7 0  |a SNK  |b SNK  |d 1997-11-27  |f 1  |i snk 1935/37  |l 0  |o snkČSB 31/1/1860  |p 17A0110331  |r 2005-01-02 00:00:00  |t č. 1-30  |w 2026-02-21  |y PREZ  |z Roky 1860-1862 sú zviazané spolu 
952 |0 0  |1 0  |4 0  |7 0  |8 5  |a SNK  |b SNK  |d 1998-04-16  |i snkK 2253/66  |l 0  |o snkČSB 31/1/1860 D2  |p 17A0135316  |r 2005-01-02 00:00:00  |t č. 1-30  |w 2026-02-21  |y PREZ 
952 |0 0  |1 0  |4 0  |7 0  |8 3  |a SNK  |b SNK  |d 2002-03-11  |i snkK 4695/71  |l 0  |o snkČSB 31/3/1862 D1  |p 17A0335467  |r 2005-01-02 00:00:00  |t č. 1-6 + príl., neúplné  |w 2026-02-21  |y PREZ  |z Chýba č. 3, 5 ; ; Príloha: Luteránsky budíček Roč. 1, č. 1, 2